000
00330nam a22001457a 4500
003
SGT
020
_a
9788123909042
082
_a
615
_b
CAR
100
_a
CARTER S J
245
_a
COOPER AND GUNN’S TUTORIAL PHARMACY
260
_a
INDIA
_b
CBS PUB
_c
2005
300
_a
469
650
_a
PHARMACEUTICAL SCIENCES
942
_2
ddc
_c
BK
999
_c
32833
_d
32833